| 000 | 01383nam a2200313 c 4500 | ||
|---|---|---|---|
| 003 | BLK | ||
| 005 | 20240611140442.0 | ||
| 008 | 180411b bul|||||r ||||||| ||bul|| | ||
| 010 | _aKNG00198056000 | ||
| 040 | _aBLK | ||
| 041 |
_aBUL _cBUL |
||
| 080 |
_aРуска литература _b821.161.1 _x-1 _z821.161.1-1 |
||
| 100 | 1 |
_aШестински, Олег _eпърви автор _9344717 |
|
| 700 |
_aПопова, Надя Христова _9370814 |
||
| 700 | 1 |
_aМатев, Павел Христов _d1924-2006 _eс предг. от _994097 |
|
| 139 |
_aШестински, Олег _bШ 58 |
||
| 245 | 1 | 0 |
_aВ очакване на прилива _bИзбрани стихотворения _cОлег Шестински; подб. и прев. от рус. Надя Христова Попова; с предг. от Павел Христов Матев. |
| 257 | _aSUN | ||
| 260 |
_аСофия _bНар. култура _c1986 |
||
| 300 |
_a88 с. _c22 см |
||
| 380 | _aX | ||
| 500 | _aПрев. е направен от Доверяю вам ; Помню и люблю ; Полемика ; Материк / Олег Шестински. - 1 125 тир. | ||
| 852 | _aЦб 145534 | ||
| 856 | 4 |
_qpdf _u |
|
| 856 | 4 |
_qpdf _u |
|
| 942 |
_cKNG _n0 |
||
| 944 |
_aCR _c13.12.2016 _k30540 _lСевдалина Тодорова |
||
| 944 |
_aED _c13.12.2016 _kРадостина_Карадакова |
||
| 999 |
_c189034 _d189034 |
||